Lähellä Pariisia sijaitsevia kaupunkeja kartalla - Statistics

Yleistilastot
  • Tätä visaa on pelattu 447 kertaa
  • Keskiarvotulos 7 / 10
Vastaukset kartalla
Vastauksille on annettu kartalla punavihreä väri sen mukaan, kuinka moni on saanut sen oikein.
 
Vastaustilastot
Kaupunki % Oikein
Dublin
100%
Milano
98%
Amsterdam
96%
Lontoo
96%
Berliini
94%
Frankfurt am Main
93%
Barcelona
89%
Bryssel
88%
Liverpool
88%
München
87%
Torino
86%
Lyon
85%
Manchester
84%
Köln / Düsseldorf
83%
Zürich
81%
Hampuri
76%
Marseille
76%
Praha
76%
Rotterdam / Haag
76%
Birmingham
74%
Glasgow
67%
Leeds
63%
Bordeaux
60%
Antwerp
57%
Toulouse
56%
Stuttgart
53%
Lille
51%
Bremen
49%
Southampton
44%
Newcastle
43%
Hannover
41%
Nürnberg
38%
Nottingham
37%
Sheffield
34%
Mannheim
25%
Ehtoja vastaavia visoja ei löytynyt
Tulosjakauma
Jokaisen tuloksen saaneiden osuus
Persentiili vastausten määrän mukaan
Tuloshistoriasi
Et ole pelannut tätä visaa